| 000 | 00337cam a22001217a 4500 | ||
|---|---|---|---|
| 008 | 180718b1951 xxu||||| |||| 00| 0 eng d | ||
| 082 | _aG93x42 L445 | ||
| 100 | _aLawson, F.M. | ||
| 245 |
_aRational strength of English law _cby F.M. Lawson |
||
| 260 |
_aLondon _bStevens _c1951 |
||
| 300 | _a147p. | ||
| 650 | _aLaw --Great Britain --History | ||
| 999 |
_c371694 _d371694 |
||